| 000 | 00642nam a2200205 4500 | ||
|---|---|---|---|
| 001 | 136578 | ||
| 003 | ES-MaACL | ||
| 005 | 20230906195154.0 | ||
| 007 | t| | ||
| 008 | 070214s1969 sp r ||||1| spa d | ||
| 100 | 1 |
_aRydstroem, F. _9101109 |
|
| 245 | 1 | 0 |
_aConstrucción de antenas de TV / _cF. Rydstroem, O. Engelstoft, J. Fialla ; traducción de Daniel Santano y León. |
| 260 |
_aMadrid : _bParaninfo, _c1969. |
||
| 300 |
_a147 p. : _bil. ; _c22 cm. |
||
| 700 | 1 |
_aEngelstoft, O. _947228 |
|
| 700 | 1 |
_aFialla, J. _950668 |
|
| 700 | 1 |
_aSantano y León, Daniel. _9181683 |
|
| 852 |
_aES-MaACL _jC-46988 _bR.68704 |
||
| 999 |
_c136578 _d136578 |
||